| 000 | 00368nam a2200145Ia 4500 | ||
|---|---|---|---|
| 008 | 230917s9999||||xx |||||||||||||| ||und|| | ||
| 040 |
_e5002298 _aMAIN |
||
| 041 | _aEnglish | ||
| 082 | _a823.09 K144C | ||
| 100 | _aKarambir | ||
| 245 | 0 | _aChronicling contemporary India: A study of selected works of Gurcharan Das | |
| 260 | _c2109 | ||
| 300 | _a192 p. | ||
| 942 | _cBK | ||
| 999 |
_c9194 _d9194 |
||